Capitals Without the Letters of “Banjul” - Statistics

General Stats
  • This quiz has been taken 4 times
  • The average score is 3 of 5
Answer Stats
Continents Capitals % Correct
Europe Kiev
100%
Europe Moscow
67%
Europe Rome
67%
Asia Tokyo
67%
North America Mexico City
33%
No matching quizzes found
Score Distribution
Percent of People with Each Score
Percentile by Number Answered
Your Score History
You have not taken this quiz